Obchodní francouzština

Uložené v:
Podrobná bibliografia
Hlavní autori: Magraner, Jean-Jacques (Autor), Zajac, Marek (Autor)
Médium: Kniha
Jazyk:Slovak
French
Vydavateľské údaje: Havlíčkův Brod : Fragment, 1998
Vydanie:1. vyd
Predmet:
Tagy: Pridať tag
Žiadne tagy, Buďte prvý, kto otaguje tento záznam!

MARC

LEADER 00000nam a22000003a 4500
001 stu82964
005 20150617225638.0
008 031218s1998----xr------------------slo-d
020 |a 80-7200-250-3 
040 |a STU  |b slo 
041 0 |a slo  |a fre 
044 |a xr 
080 |a 811.133.1 
100 1 |a Magraner, Jean-Jacques  |4 aut 
245 1 |a Obchodní francouzština 
250 |a 1. vyd 
260 |a Havlíčkův Brod :  |b Fragment,  |c 1998 
300 |a 154 s 
650 7 |a francúzština  |2 stusub 
700 1 |a Zajac, Marek  |4 aut 
996 |b 284M058328  |c M*11269-1  |l MMKN  |s A  |a 24  |w stu82964_0001